MARC

LEADER 00000naa2a2200000 4500
001 605847
005 20231101132355.0
035 |a (RuTPU)RU\TPU\conf\3191 
035 |a RU\TPU\conf\3174 
090 |a 605847 
100 |a 20140505d2014 k y0rusy50 ca 
101 0 |a eng 
102 |a RU 
105 |a y z 101zy 
135 |a drnn ---uucaa 
181 0 |a i  
182 0 |a b 
200 1 |a Modern trends in materials science for the manufacture of parts for space purposes  |f A. A. Kolomeytsev, S. S. Bad'in, M. K. Kovalev  |g Sci. adv. K. V. Yagodkina 
203 |a Текст  |c электронный 
225 1 |a Space instrument making 
230 |a 1 компьютерный файл (pdf; 53 Кб) 
300 |a Заглавие с титульного экрана 
320 |a [Библиогр.: с. 347 (1 назв.)] 
337 |a Adobe Reader 
463 0 |0 (RuTPU)RU\TPU\conf\2833  |t Космическое приборостроение  |o сборник научных трудов II Всероссийского форума школьников, студентов, аспирантов и молодых ученых с международным участием, г. Томск, 10-12 апреля 2014 г.  |f Национальный исследовательский Томский политехнический университет (ТПУ)  |v [С. 346-347]  |d 2014 
610 1 |a труды учёных ТПУ 
610 1 |a электронный ресурс 
610 1 |a материаловедение 
610 1 |a детали 
610 1 |a космические цепи 
610 1 |a композитные материалы 
610 1 |a космические аппараты 
700 1 |a Kolomeytsev  |b A. A.  |c specialist in the field of precision engineering  |c Laboratory assistant of Tomsk Polytechnic University  |f 1993-  |g Andrey Anatolievich  |2 stltpush  |3 (RuTPU)RU\TPU\pers\32324 
701 1 |a Bad'in  |b S. S. 
701 1 |a Kovalev  |b M. K. 
702 1 |a Yagodkina  |b K. V.  |c linguist  |c Senior Lecturer of Tomsk Polytechnic University  |f 1981-  |g Ksenia Viktorovna  |2 stltpush  |4 727 
712 0 2 |a Национальный исследовательский Томский политехнический университет (ТПУ)  |b Институт неразрушающего контроля (ИНК)  |b Кафедра иностранных языков Института неразрушающего контроля (ИЯНК)  |h 7143  |2 stltpush  |3 (RuTPU)RU\TPU\col\18721 
801 2 |a RU  |b 63413507  |c 20140507  |g RCR 
856 4 |u http://www.lib.tpu.ru/fulltext/c/2014/C22/117.pdf 
942 |c BK